Evaluación de proyectos de inversión
Shranjeno v:
| Glavni avtor: | |
|---|---|
| Format: | Knjiga |
| Jezik: | španščina |
| Izdano: |
Ciudad de México
McGraw-Hill Interamericana
1998
|
| Izdaja: | 1a. ed |
| Teme: | |
| Oznake: |
Označite
Brez oznak, prvi označite!
|
MARC
| LEADER | 00000nam a2200000 a 4500 | ||
|---|---|---|---|
| 001 | UCK4668 | ||
| 003 | CL-VaPUC | ||
| 008 | 050617e19980000MX |||||||||||||||||spa|d | ||
| 020 | |a 970101863X | ||
| 082 | 0 | 4 | |a 658.404 |b GAR |2 21 |
| 100 | |a García Mendoza, Alberto |e author |9 493257 | ||
| 245 | 1 | 0 | |a Evaluación de proyectos de inversión |
| 250 | |a 1a. ed | ||
| 300 | |a 190 p | ||
| 942 | |c BK | ||
| 945 | |d 20050617 00:00:00 |a cmena | ||
| 260 | |a Ciudad de México |b McGraw-Hill Interamericana |c 1998 | ||
| 650 | 0 | |a Gestión de proyectos |9 260970 | |
| 650 | 0 | |a Proyectos de inversión |9 261065 | |
| 650 | 0 | |a Evaluación de proyectos |9 259341 | |
| 650 | 0 | |a Planificación estratégica |9 259735 | |
| 583 | |a last modification |c 20050617 00:00:00 |k Rodrigo Vera | ||
| 999 | |c 313486 |d 313484 | ||
| 952 | |0 0 |1 0 |4 0 |6 658_404000000000000_GAR_1998 |7 0 |8 A |9 384869 |a BIBING |b BIBING |d 2019-11-22 |i 4140095 |o 658.404 GAR 1998 |p 4140095 |r 2025-01-20 |w 2019-11-22 |y BK |k EII | ||